Trendy cestovného ruchu v SR
Závislosť rozvoja odvetvia cestovného ruchu od štruktúry jeho účastníkov. Rozvoj cestovného ruchu s ekologickým ponímaním cestovania. Trend tzv. zdravého cestovného ruchu. Potreba profesionálneho prístupu a prognózovania v podnikoch cestovného ruchu.
Guardado en:
| Autor principal: | |
|---|---|
| Formato: | Capítulo de libro |
| Lenguaje: | eslovaco |
| Materias: | |
| Etiquetas: |
Sin Etiquetas, Sea el primero en etiquetar este registro!
|
MARC
| LEADER | 00000naa a2200000 4500 | ||
|---|---|---|---|
| 001 | r022669 | ||
| 005 | 20230801104423.0 | ||
| 041 | 0 | |a slo | |
| 044 | |a SK | ||
| 245 | 1 | 0 | |a Trendy cestovného ruchu v SR |c Š. Raši |
| 520 | |a Závislosť rozvoja odvetvia cestovného ruchu od štruktúry jeho účastníkov. Rozvoj cestovného ruchu s ekologickým ponímaním cestovania. Trend tzv. zdravého cestovného ruchu. Potreba profesionálneho prístupu a prognózovania v podnikoch cestovného ruchu. | ||
| 610 | 2 | 0 | |a Slovensko |
| 610 | 2 | 0 | |a 1989-1996 |
| 610 | 2 | 0 | |a ruch cestovný |
| 610 | 2 | 0 | |a turistika |
| 610 | 2 | 0 | |a podnikatelia |
| 610 | 2 | 0 | |a podnik ruchu cestovného |
| 610 | 2 | 0 | |a ekológia |
| 100 | 1 | |a Raši, Š. | |